| 000 | 00708nam a22001337a 4500 | ||
|---|---|---|---|
| 040 | _cRUA | ||
| 082 | _aAGR PRA 2004 B030 Or.1 | ||
| 100 | _aPRAK, SONG. | ||
| 245 | _aeff yield of density on corn yield of composite 3 varietu under condition of royal university of agriculture (ឥទ្ធិពលដង់ស៊ីតេទៅលើទិន្នផលពូជពោតកំប៉ូស៊ីត ៣ ក្នុងល័ក្ខខ័ណ្ឌសាកលវិទ្យាល័យភូមិកសិកម្ម) | ||
| 260 |
_aPhnom Penh _bRUA _c2004 |
||
| 300 |
_a44p. _bill. _c29cm. |
||
| 856 | _uhttps://drive.google.com/file/d/1UowcZ1_Gl2Yqn_E36vihZpmgA-mdLGnR/view?usp=sharing | ||
| 942 | _cAGR | ||
| 999 |
_c606 _d606 |
||